| 000 | 00744nam a2200241 a 4500 | ||
|---|---|---|---|
| 001 | BRCA_8069 | ||
| 005 | 20190320210122.0 | ||
| 008 | 020414s1966----nyua###f##---#001-0#eng-# | ||
| 041 | _aeng | ||
| 044 | _anyu | ||
| 050 | 4 |
_aN8660 _b.G56 1966 |
|
| 100 | 1 |
_aGimpel, René _920050 |
|
| 245 | 1 | 0 |
_aDiary of an Art Dealer _cRené Gimpel ; introduction by Sir Herbert Read ; translated from the french by John Rosenberg. |
| 260 |
_aNueva York _bFarrar, Straus and Giroux _c1966 |
||
| 300 |
_a465 p. _bil. _c23 cm. |
||
| 500 | _aY94 | ||
| 650 | 1 | 4 |
_aArte _vComercio _920051 |
| 650 | 1 | 4 |
_aArte _vColeccionistas y colecciones _915108 |
| 700 | 1 |
_aRead, Herbert _cSir _920052 |
|
| 700 | 1 |
_aRosenberg, John _etr. _920053 |
|
| 902 | _aGFM | ||
| 942 |
_2lcc _cB |
||
| 999 |
_c7737 _d7737 |
||